000 00411nam a2200133Ia 4500
003 GCL
008 140319s9999 xx 000 0 ara d
040 _aGCL /
_cGCL
082 0 4 _a320.54
_bن ح
245 1 0 _aحدود الاقليمية الجديدة التاريخ الاجتماعى للوطن العربى
260 _a[S.N] :
_bمعهد الانتماء العربى ،
_c1981
300 _a213
490 _a
999 _c31582
_d31582